Central Library OPAC University of Rajshahi

হুইটম্যানের কবিতা / (Record no. 55631)

MARC details
000 -LEADER
fixed length control field 00844nam a2200217 a 4500
001 - CONTROL NUMBER
control field 55631
003 - CONTROL NUMBER IDENTIFIER
rucl marc code BD-RjUL
005 - DATE AND TIME OF LATEST TRANSACTION
control field 20211209080308.0
008 - FIXED-LENGTH DATA ELEMENTS--GENERAL INFORMATION
fixed length control field 161120s1965 bg ||||| |||| 00| 0 ben d
035 ## - SYSTEM CONTROL NUMBER
System control number (BD-RjUL)55754
040 ## - CATALOGING SOURCE
Original cataloging agency BD-RjUL
Language of cataloging ben
Transcribing agency BD-RjUL
Modifying agency BD-RjUL
041 ## - LANGUAGE CODE
Language code of text/sound track or separate title ben
082 ## - DEWEY DECIMAL CLASSIFICATION NUMBER
Edition number 23
Classification number 811
Author mark and year WHI 1965
245 00 - TITLE STATEMENT
Title হুইটম্যানের কবিতা /
Statement of responsibility, etc. সম্পাদনা ও অনুবাদ : সৈয়দ আলী আহসান
260 ## - PUBLICATION, DISTRIBUTION, ETC. (IMPRINT)
Place of publication, distribution, etc. ঢাকা :
Name of publisher, distributor, etc. সাহিত্যিকা,
Date of publication, distribution, etc. ১৯৬৫.
300 ## - PHYSICAL DESCRIPTION
Pagination ৯৭ পৃ. ;
Size ১৭ সেমি.
650 ## - SUBJECT ADDED ENTRY--TOPICAL TERM
Topical term or geographic name as entry element ইংরেজী কবিতা
9 (RLIN) 123314
Topical term or geographic name as entry element English Poetry
9 (RLIN) 165733
700 ## - ADDED ENTRY--PERSONAL NAME
Personal name আহসান, সৈয়দ আলী
Fuller form of name সম্পাদনা ও অনুবাদ :
942 ## - ADDED ENTRY ELEMENTS (KOHA)
Source of classification or shelving scheme Dewey Decimal Classification
Koha item type Books
Holdings
Lost status Source of classification or shelving scheme Damaged status Not for loan Collection code Permanent Location Current Location Shelving location Date acquired Source of acquisition Cost, normal purchase price Total Checkouts Full call number Date last seen Copy number Koha item type
  Dewey Decimal Classification     Non-fiction Central Library, University of Rajshahi Central Library, University of Rajshahi     Nowrose 2.00   B 811 WHI 1965 20/11/2016 C-2 Books